| 000 | 00696 a2200217 4500 | ||
|---|---|---|---|
| 005 | 20260417155501.0 | ||
| 008 | 260417b |||||||| |||| 00| 0 eng d | ||
| 020 | _a9781440879708 | ||
| 037 | _cTB | ||
| 040 |
_aCRL _cCRL |
||
| 041 |
_2eng _aeng |
||
| 084 |
_aD65,8(B):71:894 R4 _qCRL |
||
| 100 |
_aSpriner, Paul J. _91116143 |
||
| 245 |
_aCyber warfare: _ba reference Handbook |
||
| 260 |
_bBloomsbury Academic, _c2024. _aNew York, USA: |
||
| 300 | _a259p. | ||
| 365 |
_b6796.35 _cINR |
||
| 650 |
_aCyberspace Operations _91235063 |
||
| 942 |
_cTB _2CC _hD65,8(B):71:894 R4 |
||
| 999 |
_c1679926 _d1679926 |
||